000 01947nam a2200253Ia 4500
999 _c50458
_d50458
001 17404
003 GE_BSU
005 20200212150058.0
008 181216s2015ge xx |||||||||||||| ||geo||
020 _a9789941462153
040 _cGE_BSU
041 _ageo
080 _a61:159.91 ვ-25
100 _aვაშაძე, შორენა.
_92747
245 _aსამედიცინო ფსიქოლოგიის საფუძვლები /
_cშორენა ვაშაძე ; რედ. ლია მახაშვილი.
264 _aბათუმი :
_bბათუმის შოთა რუსთაველის სახელმწ. უნ-ტის გამ-ბა,
_c2015.
300 _a389 გვ .:
_c21 სმ.
504 _aბიბლიოგრ.: გვ. 384-389
653 _aმედიცინა
653 _aსამედიცინო ფსიქოლოგიის საგანი და ამოცანები,ფსიქიკა ფსიქიკური პროცესები,პიროვნების განვითარების ასაკობრივი ასპექტი,პიროვნებაზე მიმართული მედიცინა,ფსიქოლოგიური თავდაცვის მექანიზმები,ექიმისა და პაციენტის ურთიერთობის ფსიქოლოგიური თავისებურებები,კომუნიკაცია,სამედიცინო ეთიკისა და დეონტოლოგიის შესახებ ლიტ.
653 _aსამედიცინო ფსიქოლოგიის საფუძვლები
700 _aმახაშვილი, ლია
_eრედაქტორი
_97006
942 _cBK
_2udc